| 000 | 00621nam a2200205Ia 4500 | ||
|---|---|---|---|
| 001 | 60402 | ||
| 008 | 170308n ii |||gr||||Z||||||465 | ||
| 020 | _a9788131605578 | ||
| 041 | _a465 | ||
| 082 | _a307.28 | ||
| 100 |
_aMukharji, Shekhar, _eAuthor. |
||
| 245 | 0 |
_aMigration in India : _bLinks to urbanization, regional disparities and development policies / _cBy Shekhar Mukherjei . _hTextual Documents |
|
| 260 |
_aNew Delhi _bRawat Publications |
||
| 300 |
_axxxi, 483pg: _c23cm. |
||
| 653 | _aGeography | ||
| 653 | _aMigration | ||
| 653 | _aUrbanization, Disparities | ||
| 653 | _aG-Geography | ||
| 942 |
_2ddc _cBK |
||
| 999 |
_c61540 _d61540 |
||